Name the model- supercars - Statistics

General Stats
  • This quiz has been taken 131 times
  • The average score is 6 of 11
Answer Stats
Picture Answer % Correct
R8
99%
Diablo
86%
LFA
80%
Carrera GT
68%
MC20
68%
Vantage
68%
SLS AMG
44%
F430
43%
XJ220
42%
M600
32%
C8
15%
No matching quizzes found
Score Distribution
Percent of People with Each Score
Percentile by Number Answered
Your Score History
You have not taken this quiz